000
00312nam a22001217a 4500
003
SGT
082
_a
070
_b
C94S
100
_a
शर्मा, सुरेश
245
_a
चंद्रशेखर से संवाद
260
_b
यंग इंडियन
_c
1994
300
_a
115
942
_2
ddc
_c
BK
999
_c
31961
_d
31961